000 00776nam a2200229 i 4500
001 13528
003 ES-MaACL
005 20230906150614.0
007 t|
008 980428s1995 sp |||| | spa d
020 _a84-7812-343-1
080 _a727.7.0254(460.27 M.)
100 1 _aAlaminos López, Eduardo.
_919106
245 1 0 _aRestauración de la portada del Museo Municipal de Madrid /
_c[textos, Eduardo Alaminos López, Heliodoro Martín Artola].
260 _aMadrid :
_bAyuntamiento,
_c[1995]
300 _a38 p. :
_bil. col. y n. ;
_c30 cm.
610 2 7 _aMuseo Municipal de Madrid-
_xRestauración.
_9167268
700 1 _aMartín Artola, Heliodoro.
_977402
710 1 _aMadrid.
_bAyuntamiento
_9234069
852 _aES-MaACL
_j2152-F-6
999 _c13528
_d13528